000 00500nam a2200181Ia 4500
008 151018s9999 xx 000 0 und d
082 _bRBASDV19860
_a891.463
100 _aऊ ज शेळके
245 _aस्वत:च
250 _b1
260 _bअनघा प्रकाशन ठाणे
_c1986
300 _a156
600 _aऊ ज शेळके
630 _aस्वत:च
700 _aऊ ज शेळके
730 _aस्वत:च
942 _cBOOK
999 _c1020488
_d1020485